Repairing covenants (Record no. 66131)

MARC details
000 -LEADER
fixed length control field 01096cam a2200205 4500
001 - CONTROL NUMBER
control field WB3707-21
008 - FIXED-LENGTH DATA ELEMENTS--GENERAL INFORMATION
fixed length control field 000000n2001 000 0 eng u
035 ## - SYSTEM CONTROL NUMBER
System control number (Sirsi) u110951
245 ## - TITLE STATEMENT
Title Repairing covenants
260 ## - PUBLICATION, DISTRIBUTION, ETC.
Date of publication, distribution, etc. 2001
490 ## - SERIES STATEMENT
Series statement Estates Gazette Case Summaries
Volume/sequential designation [2001] EGCS 13(1) (10/02/01)
520 ## - SUMMARY, ETC.
Summary, etc. CA 19 January 2001. The tenants (P) of a building with flying box balconies, felt that the landlord (PP)had breached the repairing covenant by not keeping the roof terraces repaired. PP held that P had agreed in the leases to repair and maintain the flat, walls and ceilings including where the balconies were part of these. The judge held that the obligations of both parties overlapped in the terms of the lease; the landlord appealed. Appeal allowed
590 ## - LOCAL NOTE (RLIN)
Local note WB
650 ## - SUBJECT ADDED ENTRY--TOPICAL TERM
Topical term or geographic name entry element REPAIRING COVENANTS
650 ## - SUBJECT ADDED ENTRY--TOPICAL TERM
Topical term or geographic name entry element PROPERTY-RESIDENTIAL PROPERTY-RESIDENTIAL LANDLORD AND TENANT-RESIDENTIAL TENANCIES
650 ## - SUBJECT ADDED ENTRY--TOPICAL TERM
Topical term or geographic name entry element GOOD REPAIR
650 ## - SUBJECT ADDED ENTRY--TOPICAL TERM
Topical term or geographic name entry element PETERSSON AND OTHERS V PITT PLACE (EPSOM) LTD
690 ## - LOCAL SUBJECT ADDED ENTRY--TOPICAL TERM (OCLC, RLIN)
Topical term or geographic name as entry element LANDLORD AND TENANT-RESIDENTIAL TENANCIES-CASE LAW
942 ## - ADDED ENTRY ELEMENTS (KOHA)
Suppress in OPAC 0
Holdings
Withdrawn status Lost status Source of classification or shelving scheme Damaged status Not for loan Home library Current library Shelving location Date acquired Total Checkouts Full call number Barcode Date last seen Copy number Price effective from Koha item type
    Dewey Decimal Classification     London London News article 15/02/2001   WB3707-21 110951-1001 06/08/2019 1 06/08/2019 News article